000 00479nam a22001817a 4500
003 CEME
005 20210628203336.0
008 210305b xxu||||| |||| 00| 0 eng d
020 _a0-333-00301-2
040 _c.
082 _a808.84 COX
100 _aCox, C.B, Hinchliffe, Arnold P
_964848
245 _aThe waste land, t.s eliot
260 _aNEW YORK
_bMACMILLAN PRESS
_c1968
300 _a247P
650 _a ENGLISH LITERATURE-CRITICAL ESSAYS
_964849
942 _cBK
_2ddc
999 _c573220
_d573220